[Event "London CSC 5-Day U2050 op 10th"]
[Site "London"]
[Date "2018.12.13"]
[Round "5"]
[White "Vaidya, Raghav"]
[Black "Matthew, Ian"]
[Result "1/2-1/2"]
[WhiteElo "1342"]
[BlackElo "1860"]
[PlyCount "52"]
[EventDate "2018.12.09"]
[EventType "swiss"]
[EventRounds "5"]
[EventCountry "ENG"]
[SourceTitle "EXT 2020"]
[Source "ChessBase"]
[SourceDate "2019.10.17"]
[SourceVersion "1"]
[SourceVersionDate "2019.10.17"]
[SourceQuality "1"]

1. e4 e5 2. Nf3 Nc6 3. Bc4 Nf6 4. d3 Be7 5. c3 0-0 6. 0-0 d6 7. Nbd2 Be6 8. Bb3 d5 9. exd5 Bxd5 10. Re1 Bd6 11. Bc2 Re8 12. Qe2 Qd7 13. Ne4 Nxe4 14. dxe4 Be6 15. h3 h6 16. Be3 Ne7 17. Rad1 Ng6 18. Qf1 Qe7 19. Ba4 Rf8 20. Bc2 Nh4 21. Nxh4 Qxh4 22. b3 g5 23. f3 Qh5 24. Bd3 Qg6 25. Bc4 Qf6 26. Bxe6 Qxe6 1/2-1/2

[Event "London CSC 5-Day U2050 op 10th"]
[Site "London"]
[Date "2018.12.10"]
[Round "2"]
[White "Matthew, Ian"]
[Black "McKenna, John R"]
[Result "1-0"]
[WhiteElo "1860"]
[BlackElo "1608"]
[PlyCount "93"]
[EventDate "2018.12.09"]
[EventType "swiss"]
[EventRounds "5"]
[EventCountry "ENG"]
[SourceTitle "EXT 2020"]
[Source "ChessBase"]
[SourceDate "2019.10.17"]
[SourceVersion "1"]
[SourceVersionDate "2019.10.17"]
[SourceQuality "1"]

1. e4 c6 2. d4 d5 3. Nc3 g6 4. e5 Bg7 5. f4 h5 6. Nf3 Bg4 7. Be2 Nh6 8. Be3 Qb6 9. Qd2 e6 10. Na4 Qc7 11. Nc5 b6 12. Nd3 Nf5 13. c3 Nd7 14. Bf2 Bf8 15. h3 Bxf3 16. Bxf3 h4 17. Bg4 c5 18. Nc1 cxd4 19. cxd4 Rc8 20. Ne2 Qc2 21. Rc1 Qxd2+ 22. Kxd2 Bb4+ 23. Kd3 Ke7 24. a3 Bd6 25. Bxf5 gxf5 26. Rxc8 Rxc8 27. Bxh4+ f6 28. exd6+ Kxd6 29. Bf2 e5 30. Rc1 e4+ 31. Ke3 Rg8 32. Ng3 Nb8 33. Nxf5+ Ke6 34. g4 Kd7 35. Ng3 Rh8 36. f5 Rxh3 37. Rh1 Rxh1 38. Nxh1 Nc6 39. Be1 Nd8 40. Ng3 Nb7 41. Bb4 Ke8 42. Nh5 Kf7 43. Nf4 a5 44. Bd2 Nd6 45. b3 Nb5 46. Nxd5 Nxa3 47. Kxe4 1-0

[Event "SCO-ch 124th"]
[Site "Dundee"]
[Date "2017.07.22"]
[Round "8"]
[White "Matthew, Ian"]
[Black "Khoo Thwe, Louis"]
[Result "1-0"]
[WhiteElo "1887"]
[BlackElo "1507"]
[PlyCount "91"]
[EventDate "2017.07.15"]
[EventType "swiss"]
[EventRounds "9"]
[EventCountry "SCO"]
[SourceTitle "EXT 2018"]
[Source "ChessBase"]
[SourceDate "2017.10.13"]
[SourceVersion "1"]
[SourceVersionDate "2017.10.13"]
[SourceQuality "1"]

1. e4 e5 2. Nf3 Nc6 3. d4 exd4 4. Bc4 Nf6 5. e5 d5 6. exf6 dxc4 7. 0-0 Qxf6 8. Bg5 Qg6 9. Re1+ Be6 10. Nbd2 h6 11. Bh4 Bb4 12. Ne5 Nxe5 13. Rxe5 0-0 14. Ne4 Bg4 15. Qxd4 f6 16. Qxc4+ Kh8 17. Rb5 Bf3 18. Ng3 Bxg2 19. Kxg2 Bd6 20. Kh1 Qh7 21. Ne4 Rfe8 22. Nxd6 cxd6 23. Bg3 Rac8 24. Qd3 Rxc2 25. Qxh7+ Kxh7 26. Rxb7 Ree2 27. Rg1 Rxb2 28. Rxb2 Rxb2 29. a3 Rb6 30. Rd1 Kg6 31. Bxd6 Kf7 32. Bb4 a6 33. Rd7+ Kg8 34. Kg2 Rb5 35. Ra7 Rb6 36. Kf3 Re6 37. Kf4 h5 38. h4 Kh8 39. Kf5 Re8 40. Kg6 a5 41. Rxa5 Rc8 42. Ra7 Rg8 43. Rf7 f5 44. Rf8 f4 45. Rxg8+ Kxg8 46. a4 1-0

[Event "SCO-ch 124th"]
[Site "Dundee"]
[Date "2017.07.16"]
[Round "2"]
[White "Matthew, Ian"]
[Black "Lampard, Alice"]
[Result "0-1"]
[WhiteElo "1887"]
[BlackElo "1595"]
[PlyCount "58"]
[EventDate "2017.07.15"]
[EventType "swiss"]
[EventRounds "9"]
[EventCountry "SCO"]
[SourceTitle "CBM 179 Extra"]
[Source "ChessBase"]
[SourceDate "2017.08.23"]
[SourceVersion "1"]
[SourceVersionDate "2017.08.23"]
[SourceQuality "1"]

1. e4 c5 2. Nf3 Nc6 3. d4 cxd4 4. Nxd4 g6 5. c4 Bg7 6. Be3 Qb6 7. Nb5 Qa5+ 8. Bd2 Qd8 9. Bc3 Bxc3+ 10. N1xc3 Nf6 11. Nd4 0-0 12. f4 d6 13. Nc2 Bd7 14. Be2 Qb6 15. Rb1 Rac8 16. g4 Rfd8 17. g5 Ne8 18. Nd5 Qa6 19. a4 e6 20. Nf6+ Nxf6 21. gxf6 Na5 22. b3 Qc6 23. Bd3 d5 24. Nd4 Qc5 25. Be2 Qb4+ 26. Kf1 dxe4 27. h4 Qd6 28. Rh3 e5 29. fxe5 Qxe5 0-1

[Event "London Classic op 5th"]
[Site "London"]
[Date "2013.12.11"]
[Round "5"]
[White "Pattni, Kishan"]
[Black "Matthew, Ian"]
[Result "0-1"]
[WhiteElo "1715"]
[BlackElo "1910"]
[PlyCount "48"]
[EventDate "2013.12.07"]
[EventType "swiss"]
[EventRounds "9"]
[EventCountry "ENG"]
[SourceTitle "CBM 157 Extra"]
[Source "ChessBase"]
[SourceDate "2013.12.19"]
[SourceVersion "1"]
[SourceVersionDate "2013.12.19"]
[SourceQuality "1"]

1. f4 e5 2. fxe5 d6 3. exd6 Bxd6 4. Nf3 g5 5. d4 g4 6. Ng5 Be7 7. Ne4 Bf5 8. Ng3 Bh4 9. Bf4 Nf6 10. Nc3 0-0 11. Qd2 Nc6 12. 0-0-0 Bg6 13. a3 Qe7 14. e3 Rad8 15. Bd3 Nd5 16. Nxd5 Rxd5 17. Bc4 Ra5 18. d5 Rxa3 19. bxa3 Qxa3+ 20. Kb1 Bf6 21. Qd4 Nxd4 22. exd4 Qb4+ 23. Kc1 Qxc4 24. Rd2 Qa4 0-1

[Event "London Classic op 5th"]
[Site "London"]
[Date "2013.12.07"]
[Round "1"]
[White "Matthew, Ian"]
[Black "Longson, Alexander"]
[Result "0-1"]
[WhiteElo "1910"]
[BlackElo "2333"]
[PlyCount "46"]
[EventDate "2013.12.07"]
[EventType "swiss"]
[EventRounds "9"]
[EventCountry "ENG"]
[SourceTitle "CBM 157 Extra"]
[Source "ChessBase"]
[SourceDate "2013.12.19"]
[SourceVersion "1"]
[SourceVersionDate "2013.12.19"]
[SourceQuality "1"]

1. e4 c5 2. Nf3 d6 3. d4 cxd4 4. Nxd4 Nf6 5. Nc3 a6 6. f4 e5 7. Nf3 Nbd7 8. a4 Be7 9. Bd3 0-0 10. 0-0 exf4 11. Kh1 Nh5 12. Nd5 Ndf6 13. Nxf6+ Bxf6 14. e5 dxe5 15. Nxe5 g6 16. Ng4 Bg7 17. Bxf4 Nxf4 18. Rxf4 h5 19. Nf2 Bxb2 20. Rb1 Be5 21. Rf3 Be6 22. Qf1 Qh4 23. g3 Qxa4 0-1

[Event "BCF-ch 5-day op PM Week 2"]
[Site "Torquay"]
[Date "2013.08.08"]
[Round "4.3"]
[White "Grant, David"]
[Black "Matthew, Ian"]
[Result "1/2-1/2"]
[WhiteElo "1863"]
[BlackElo "1937"]
[PlyCount "38"]
[EventDate "2013.08.05"]
[EventType "swiss"]
[EventRounds "5"]
[EventCountry "ENG"]
[SourceTitle "EXT 2023"]
[Source "ChessBase"]
[SourceDate "2022.10.05"]
[SourceVersion "1"]
[SourceVersionDate "2022.10.05"]
[SourceQuality "1"]

1. e4 e5 2. Nc3 Nc6 3. f4 exf4 4. Nf3 g5 5. h4 g4 6. Ng5 d6 7. d4 f6 8. Bxf4 fxg5 9. hxg5 Bg7 10. Be3 Nxd4 11. Bxd4 Qxg5 12. Nd5 Be5 13. Bxe5 Qxe5 14. Nxc7+ Kd8 15. Nxa8 Qg3+ 16. Kd2 Qf4+ 17. Kc3 Nf6 18. Bd3 Be6 19. b3 Qe5+ 1/2-1/2

[Event "London e2e4 Diamond Jubilee op"]
[Site "London"]
[Date "2012.06.04"]
[Round "5"]
[White "Matthew, Ian"]
[Black "Khan, Mohammed"]
[Result "1/2-1/2"]
[WhiteElo "1930"]
[BlackElo "2085"]
[PlyCount "64"]
[EventDate "2012.06.02"]
[EventType "swiss"]
[EventRounds "9"]
[EventCountry "ENG"]
[SourceTitle "CBM 148 Extra"]
[Source "ChessBase"]
[SourceDate "2012.06.22"]
[SourceVersion "1"]
[SourceVersionDate "2012.06.22"]
[SourceQuality "1"]

1. e4 c5 2. Nf3 e6 3. d4 cxd4 4. Nxd4 Nc6 5. c4 Qc7 6. Nb5 Qb8 7. a3 a6 8. N5c3 Nf6 9. Be3 b6 10. b4 Bd6 11. g3 0-0 12. f4 e5 13. f5 b5 14. c5 Be7 15. g4 Ne8 16. Nd5 Bh4+ 17. Bf2 Bxf2+ 18. Kxf2 a5 19. g5 axb4 20. f6 bxa3 21. fxg7 Nxg7 22. Nf6+ Kh8 23. Qg4 Qa7 24. Rxa3 Qxc5+ 25. Re3 Ra2+ 26. Be2 Nd4 27. Nc3 Nc2 28. Ncd5 Nxe3 29. Nxe3 Ra3 30. Qh3 Qxe3+ 31. Qxe3 Rxe3 32. Kxe3 Ne6 1/2-1/2

[Event "London e2e4 Diamond Jubilee op"]
[Site "London"]
[Date "2012.06.03"]
[Round "2"]
[White "Mihajlov, Sebastian"]
[Black "Matthew, Ian"]
[Result "1-0"]
[WhiteElo "2064"]
[BlackElo "1930"]
[PlyCount "49"]
[EventDate "2012.06.02"]
[EventType "swiss"]
[EventRounds "9"]
[EventCountry "ENG"]
[SourceTitle "CBM 148 Extra"]
[Source "ChessBase"]
[SourceDate "2012.06.22"]
[SourceVersion "1"]
[SourceVersionDate "2012.06.22"]
[SourceQuality "1"]

1. d4 d5 2. c4 Nc6 3. cxd5 Qxd5 4. e3 e5 5. Nc3 Bb4 6. Bd2 Bxc3 7. bxc3 exd4 8. cxd4 Nf6 9. Ne2 Bf5 10. Nc3 Qd7 11. Be2 0-0 12. 0-0 Rfe8 13. Rc1 a6 14. Na4 Qe7 15. Bf3 Ne4 16. Nc5 Ra7 17. Nxb7 Nxd4 18. exd4 Rxb7 19. Re1 Qd7 20. Bf4 c6 21. Qd3 Nd6 22. Qxa6 Rxe1+ 23. Rxe1 Ne4 24. Bxe4 Bxe4 25. Qa8+ 1-0

[Event "High Wycombe e2e4 Major op 03"]
[Site "High Wycombe"]
[Date "2012.03.17"]
[Round "3"]
[White "Iyengar, Ilya"]
[Black "Matthew, Ian"]
[Result "1-0"]
[WhiteElo "1989"]
[BlackElo "1931"]
[PlyCount "43"]
[EventDate "2012.03.16"]
[EventType "swiss"]
[EventRounds "5"]
[EventCountry "ENG"]
[SourceTitle "EXT 2014"]
[Source "ChessBase"]
[SourceDate "2013.11.20"]
[SourceVersion "1"]
[SourceVersionDate "2013.11.20"]
[SourceQuality "1"]

1. d4 d5 2. c4 Nc6 3. Nf3 e5 4. cxd5 Qxd5 5. dxe5 Qxd1+ 6. Kxd1 Bg4 7. Bf4 Bxf3 8. exf3 0-0-0+ 9. Kc1 Bc5 10. Bg3 Nge7 11. Bc4 Nf5 12. f4 Nxg3 13. fxg3 Be3+ 14. Kc2 b5 15. Bxf7 Nb4+ 16. Kb3 a5 17. a4 Rd3+ 18. Nc3 bxa4+ 19. Rxa4 Kd7 20. Bc4 Rd4 21. Rxa5 Rb8 22. Rb5 1-0

[Event "Goch op 12th"]
[Site "Goch"]
[Date "2001.10.19"]
[Round "3"]
[White "Matthew, Ian"]
[Black "Ydo, Pim"]
[Result "0-1"]
[WhiteElo "1912"]
[BlackElo "2138"]
[PlyCount "30"]
[EventDate "2001.10.18"]
[EventType "swiss"]
[EventRounds "7"]
[EventCountry "GER"]
[SourceTitle "EXT 2004"]
[Source "ChessBase"]
[SourceDate "2003.11.25"]
[SourceVersion "1"]
[SourceVersionDate "2003.11.25"]
[SourceQuality "1"]

1. e4 c6 2. Nc3 d5 3. Qf3 dxe4 4. Nxe4 Nd7 5. d4 Ndf6 6. Nxf6+ Nxf6 7. Be3 Qb6 8. Bd3 Bg4 9. Qf4 Qxb2 10. Rc1 Nd5 11. Qg3 Nxe3 12. Qxe3 e6 13. c3 Ba3 14. Rc2 Qa1+ 15. Kd2 Qd1# 0-1